Normal view
MARC view
Entry Personal Name
001 - CONTROL NUMBER
- control field: 44720
003 - CONTROL NUMBER IDENTIFIER
- control field: dpl
005 - DATE AND TIME OF LATEST TRANSACTION
- control field: 20120403152534.0
008 - FIXED-LENGTH DATA ELEMENTS
- fixed length control field: 120403|||a|||||| | ||| d
040 ## - CATALOGING SOURCE
- Original cataloging agency: dpl
- Transcribing agency: dpl
100 ## - HEADING--PERSONAL NAME
- Personal name: जोगळेकर,प्रमोद
670 ## - SOURCE DATA FOUND
- Source citation: Work cat.: (dpl): जोन्स, मायकेल 39079, लेनिनग्राडचा वेढा /, 2012
670 ## - SOURCE DATA FOUND
- Source citation: Work cat.: (dpl): जोन्स, मायकेल 39079, लेनिनग्राडचा वेढा /, 2012
